NLSUI OPAC header image

International institutions, vol. 1-4 / (Record no. 33997)

MARC details
000 -LEADER
fixed length control field 01082cam a2200253 a 4500
001 - CONTROL NUMBER
control field 15642856
005 - DATE AND TIME OF LATEST TRANSACTION
control field 20260122075032.0
008 - FIXED-LENGTH DATA ELEMENTS--GENERAL INFORMATION
fixed length control field 090302s2010 caua b 000 0 eng
020 ## - INTERNATIONAL STANDARD BOOK NUMBER
International Standard Book Number 9781847878984
Qualifying information hbk. : 4 vol. set
020 ## - INTERNATIONAL STANDARD BOOK NUMBER
International Standard Book Number 1847878989
Qualifying information hbk. : 4 vol. set
082 ## - DEWEY DECIMAL CLASSIFICATION NUMBER
Classification number 341.2 GOL
245 00 - TITLE STATEMENT
Title International institutions, vol. 1-4 /
Statement of responsibility, etc. edited by Judith L. Goldstein and Richard H. Steinberg.
260 ## - PUBLICATION, DISTRIBUTION, ETC.
Place of publication, distribution, etc. London :
Name of publisher, distributor, etc. SAGE,
Date of publication, distribution, etc. 2010.
300 ## - PHYSICAL DESCRIPTION
Extent 4 v. :
Other physical details ill. ;
Dimensions 25 cm.
490 0# - SERIES STATEMENT
Series statement SAGE library of international relations
505 0# - FORMATTED CONTENTS NOTE
Formatted contents note v. 1. Causes -- v. 2. Consequences: when, where, and why international institutions are effective -- v. 3. Types of institutions: security and economic -- v. 4. Types of institutions: environment, human rights, international courts, multilateralism, regionalism.
650 #0 - SUBJECT ADDED ENTRY--TOPICAL TERM
Topical term or geographic name entry element International cooperation.
650 #0 - SUBJECT ADDED ENTRY--TOPICAL TERM
Topical term or geographic name entry element Non-state actors (International relations)
650 #0 - SUBJECT ADDED ENTRY--TOPICAL TERM
Topical term or geographic name entry element International organization.
650 #0 - SUBJECT ADDED ENTRY--TOPICAL TERM
Topical term or geographic name entry element International law.
700 1# - ADDED ENTRY--PERSONAL NAME
Personal name Goldstein, Judith.
700 1# - ADDED ENTRY--PERSONAL NAME
Personal name Steinberg, Richard H.
942 ## - ADDED ENTRY ELEMENTS (KOHA)
Source of classification or shelving scheme Dewey Decimal Classification
Koha item type BOOKs
Holdings
Withdrawn status Lost status Damaged status Not for loan Home library Current library Shelving location Date acquired Total Checkouts Full call number Barcode Date last seen Price effective from Koha item type
      Not For Loan . . NAB Compactor 30.05.2017   341.2 GOL-I 30364 30.05.2017 30.05.2017 BOOKs
      Not For Loan . . NAB Compactor 30.05.2017   341.2 GOL-II 30365 30.05.2017 30.05.2017 BOOKs
      Not For Loan . . NAB Compactor 30.05.2017   341.2 GOL-III 30366 30.05.2017 30.05.2017 BOOKs
      Not For Loan . . NAB Compactor 30.05.2017   341.2 GOL-IV 30367 30.05.2017 30.05.2017 BOOKs